00000000nam 2200000zi 4500
0019.946712
003CaOODSP
00520250303103444
006m     o  d f      
007cr |n|||||||||
008250110s1953    oncade  o    f000 0 eng d
040 |aCaOODSP|beng|erda|cCaOODSP
043 |an-cn-on
0861 |aA52-208/1953E-PDF
0861 |zA51-134E-PDF
1001 |aKnights, J. K., |eauthor.
24510|aDistrict Experiment Substation, Fort William and illustration stations at Dryden, Kenora, Emo and Fort Frances in Northwestern Ontario : |bprogress report 1948-1952 / |cJ. K. Knights.
264 1|a[Ottawa], Canada : |bDepartment of Agriculture, Experimental Farms Service, Division of Illustration Stations, |c[1953?]
300 |a1 online resource (47 pages) : |billustrations, chart, plan
336 |atext|btxt|2rdacontent
337 |acomputer|bc|2rdamedia
338 |aonline resource|bcr|2rdacarrier
500 |aDigitized edition from print [provided by Agriculture and Agri-Food Canada].
61025|aDistrict Experiment Substation (Fort William, Ontario)
650 0|aAgricultural experiment stations|zOntario, Northern.
650 6|aStations agronomiques|zOntario (Nord-Ouest)
7101 |aCanada. |bDivision of Illustration Stations, |eissuing body.
7101 |aCanada. |bExperimental Farms Service, |eissuing body.
85640|qPDF|s9.31 MB|uhttps://publications.gc.ca/collections/collection_2025/aac-aafc/A51-134-1952-eng.pdf
986 |a4M—17811—11:53